000 00729nam a22001337a 4500
040 _crua
082 _aFIS VAV 2021 B473 Or.
100 _aVA VAIAN ,វ៉ា វៃអាន
245 _aEFFECT OF STOCKING DENSITY DRIVEN NUTRIENT INPUT ON FISH(Anabas testudineus) AND RICE YIELD IN INTERGRATED SYSTEM.ឥទ្ធិពលនៃកាកសំណល់ត្រីក្រាញ់ក្នុងការចិញ្ចឹមត្រីដោយដង់ស៊ីតេខុសគ្នាក្នុងការធ្វើស្រែ
260 _aphnom penh
_brua
_c2021
300 _ax.39p.
_bill.
_c29cm.
856 _uhttps://drive.google.com/file/d/1vyetFWdq830KzhPF-qK4wqVzP2kF68tD/view?usp=sharing
942 _cFIS
999 _c22601
_d22601